Insane Demons by Letter - N - Statistics

General Stats
  • This quiz has been taken 5 times
  • The average score is 13 of 27
Answer Stats
Hint Answer % Correct
NAU NAUT
100%
Nec Necropolis
67%
New New Supersonic
67%
Nig Nightmare
67%
Nig Night Terrors
67%
Noi Noirv
67%
nol nolens volens
67%
non nonsense world
67%
Nor Noradrenaline
67%
Nox Noxious Ruins II
67%
Nan Nana
33%
Nar Narvik
33%
Nat Nature Dreams
33%
Nec NecroDynamix
33%
Nel Neliswave
33%
Neo Neon Breeze
33%
Neo Neon Raver
33%
New New Bloom
33%
Nig Night Crawlers
33%
Nig Night Life
33%
Nig Nightrush
33%
Nin Nine CircleX
33%
Nin Nine Paws
33%
Noc Nocturne of Midnight
33%
Nok Nokedlis Csirke
33%
nuc nuclear
33%
Nuf Nuforh
33%
No matching quizzes found
Score Distribution
Percent of People with Each Score
Percentile by Number Answered
Your Score History
You have not taken this quiz